La educación en Costa Rica : 1821-1914 /
保存先:
| 第一著者: | |
|---|---|
| フォーマット: | 不明 |
| 言語: | Spanish |
| 主題: | |
| タグ: |
タグ追加
タグなし, このレコードへの初めてのタグを付けませんか!
|
MARC
| LEADER | 000000000a22000000004500 | ||
|---|---|---|---|
| 001 | 006493 | ||
| 041 | 0 | |a spa | |
| 082 | 0 | 4 | |a 972.86 |b C837ct |
| 100 | 1 | |a Quesada Camacho, Juan Rafael | |
| 245 | 1 | 3 | |a La educación en Costa Rica : |b 1821-1914 / |c Juan Rafael Quesada Camacho. |
| 650 | 4 | |a COSTA RICA | |
| 650 | 4 | |a HISTORIA | |
| 650 | 4 | |a EDUCACION | |
| 650 | 4 | |a ENSEÑANZA PRIMARIA | |
| 650 | 4 | |a ENSEÑANZA SECUNDARIA | |
| 650 | 4 | |a ENSEÑANZA SUPERIOR | |
| 650 | 4 | |a ESCUELA NORMAL | |
| 650 | 4 | |a HEREDIA (COSTA RICA) | |
| 773 | 0 | |x 9977675848 |d San José, Costa Rica : Editorial de la Universidad de Costa Rica |t Costa Rica: estado, economía, sociedad y cultura desde las sociedades autóctonas hasta 1914 |g (1999), páginas 339-443 | |
| 942 | |c AM | ||
| 999 | |c 15531 |d 15531 | ||
